Chansons d'Orelsan par paroles (partie 1) - Statistiques

Statistiques générales
  • Ce quiz a été pris 448 fois
  • Le résultat moyen est 9 sur 15
Statistiques - réponses
Hint Réponse % Correct
Les hommes politiques doivent mentir sinon tu voterais pas pour eux. Basique
95%
Si les hommes se tirent dessus, c'est qu'ya des vaccins dans les balles,et si les bâtiments explosent, c'est pour fabriquer des étoiles. Tout va bien
83%
Les parents picolent, c'est les enfants qui trinquent.Accident d'bagnoles, violences conjugales, l'alcool est toujours à la racine du mal. L'odeur de l'essence
77%
Assez béni pour t'emmener à l'église, dire au prêtre "Oublie l'trucoù la mort nous sépare on va rester dans cette vie." Paradis
77%
T'empêchera jamais les gens d'parler, et comme t'es chelou y a p't-êtremoyen qu'les gens veuillent te frapper. Tu peux faire des pompes, tu peux apprendre à t'battre, mais même musclé, ça fais toujours mal de s'prendre une droite. Notes pour trop tard
73%
J'suis pas feignant mais j'ai la flemme et ça va finir en arrêt maladiepour toute la semaine. La terre est ronde
72%
Adieu la ménagère devant son écran, prête à gober la merde qu'on lui jette entre les dents, qui pose pas d'questions tant qu'elle consomme, qui s'étonne même plus d'se faire cogner par son homme. Suicide social
72%
Je sais, tu vas t'coucher en disant "demain j'le fais", tu t'réveilles en disant "demain j'le fais", mon ami. Jour meilleur
65%
Après, y a des champs, y a plus rien, si tu vois d'la fumée quand tu r'viens, c'est qu'dans les usines pas très loin, on s'calcine, on s'abîme, on fait du carburant pour la machine. Dans ma ville, on traîne
54%
Si tu cherches un beau gosse, sportif et romantique c'est raté, paraitqu'j'suis juste un pauv' type égocentrique. Pour le pire
54%
Rien n'avance, les gens perdent patience, les insultes remplacent les chants, sans rapport avec la retraite à France. Manifeste
52%
Les petits vont en cours Guccisés, Louis-Vuitonnisés Plus rien ne m'étonne
47%
A huit ans, elle a décroché son premier emploi, une sorte de garderie où on fabrique des shorts de foot, avec ses mains en forme de pieds à force de coudre. La petite marchande de porte-clefs
46%
En l'an de grâce MJ+1, la moitié de ma jeunesse est morte le 25 juin Raelsan
43%
Bousillé comme Amy, bousillé comme Britney, confonds pas réussite, gloire bonheur et succès. Rêve mieux
40%
Aucun quiz correspondant
Distribution des résultats
% des personnes avec chaque résultat
Percentile par nombre de réponses
Votre historique - résultats
Vous n’avez pas pris ce quiz